Los grandes mitos / (Record no. 180731)

MARC details
000 -LEADER
campo de control de longitud fija 00742nam a2200241 i 4500
001 - NÚMERO DE CONTROL
campo de control 180731
003 - IDENTIFICADOR DE NÚMERO DE CONTROL
campo de control ES-MaACL
005 - FECHA Y HORA DE LA ÚLTIMA TRANSACCIÓN
campo de control 20230906221156.0
008 - DATOS DE LONGITUD FIJA--INFORMACIÓN GENERAL
campo de control de longitud fija 120705s1971 sp |||| | spa d
080 ## - NÚMERO DE LA CLASIFICACIÓN DECIMAL UNIVERSAL
Número de la Clasificación Decimal Universal 291.13(023)
100 1# - ENTRADA PRINCIPAL--NOMBRE DE PERSONA
Nombre de persona Bruguera, Francisco.
9 (RLIN) 150852
245 14 - MENCIÓN DEL TÍTULO
Título Los grandes mitos /
Mención de responsabilidad, etc. P. Hernández [seud.].
250 ## - MENCION DE EDICION
Mención de edición 1ª ed.
260 ## - PUBLICACIÓN, DISTRIBUCIÓN, ETC.
Lugar de publicación, distribución, etc. Barcelona :
Nombre del editor, distribuidor, etc. Bruguera,
Fecha de publicación, distribución, etc. 1971.
300 ## - DESCRIPCIÓN FÍSICA
Extensión 159 p. ;
Dimensiones 11 cm.
490 1# - MENCIÓN DE SERIE
Mención de serie En 25000 palabras ;
Designación de volumen o secuencia 1
594 ## - Nota al título y mención de responsabilidad
Nota al título y mención de responsabilidad P. Hernández, seudónimo de F. Bruguera; en catálogo de BNE.
594 ## - Nota al título y mención de responsabilidad
Nota al título y mención de responsabilidad En cub.: Para el hombre que tiene prisa.
650 #7 - PUNTO DE ACCESO ADICIONAL DE MATERIA--TÉRMINO DE MATERIA
Término de materia o nombre geográfico como elemento de entrada Mitología.
9 (RLIN) 15092
830 0# - PUNTO DE ACCESO ADICIONAL DE SERIE-TÍTULO UNIFORME
Título uniforme En 25000 palabras ;
Designación de volumen o secuencia 1
9 (RLIN) 191325
852 ## - LOCALIZACIÓN
Ubicación ES-MaACL
Número de control de estantería 2312-F-4
Holdings
Estatus retirado Estado de pérdida Estado de daño No para préstamo Colección Biblioteca de origen Biblioteca actual Ubicación en estantería Fecha de adquisición Fuente de adquisición Total de préstamos Signatura topográfica completa Código de barras Visto por última vez Precio de reemplazo Tipo de ítem Koha
        Colección de folletos Biblioteca del Ateneo de Madrid Biblioteca del Ateneo de Madrid Depósito folletos 05/07/2012     2312-F-4 1189920 23/02/2023 23/02/2023 Folleto